|
|
|
|
| LEADER |
01359nam a2200325 a 4500 |
| 001 |
37703 |
| 003 |
BD-DhAAL |
| 005 |
20220214114641.0 |
| 008 |
000214t1992 enka b 001 0 eng |
| 999 |
|
|
|c 43499
|d 43499
|
| 010 |
|
|
|a 93207744
|
| 020 |
|
|
|a 0304323810
|
| 020 |
|
|
|a 0304323802 (pbk.)
|
| 040 |
|
|
|a DLC
|c DLC
|d DLC
|d BD-DhAAL
|
| 043 |
|
|
|a e-uk---
|
| 050 |
0 |
0 |
|a LC225.33.G7
|b W65 1992
|
| 082 |
0 |
0 |
|a 370.19/312
|2 20
|
| 100 |
1 |
|
|a Wolfendale, Sheila,
|d 1939-
|9 45745
|
| 245 |
1 |
0 |
|a Empowering parents and teachers :
|b working for children /
|c Sheila Wolfendale, with contributions by Alwyn Morgan ... [et al.].
|
| 260 |
|
|
|a London ;
|a New York :
|b Cassell,
|c 1992.
|
| 300 |
|
|
|a x, 166 pages :
|b illustrations ;
|c 23 cm.
|
| 490 |
1 |
|
|a Introduction to education
|
| 504 |
|
|
|a Includes bibliographical references and indexes.
|
| 541 |
|
|
|a Complimentary copy from BIED
|e 37703
|
| 650 |
|
0 |
|a Home and school
|z Great Britain.
|9 45746
|
| 650 |
|
0 |
|a Education
|x Parent participation
|z Great Britain.
|9 45747
|
| 830 |
|
0 |
|a Introduction to education (New York, N.Y.)
|9 45748
|
| 852 |
|
|
|a Ayesha Abed Library
|c BIED Collection
|
| 942 |
|
|
|2 ddc
|c BK
|
| 952 |
|
|
|0 0
|1 0
|2 ddc
|4 0
|6 370_193120000000000_WOL
|7 0
|9 69782
|a BRACUL
|b BRACUL
|c GEN
|d 2022-02-14
|e Complimentary copy from BIED
|l 0
|o 370.19312 WOL
|p 3010037703
|r 2022-02-14
|t 1
|w 2022-02-14
|y BK
|x Transferred from BIED to General Stacks
|